Wszyscy Gracze Na YFL Smp 2 - Statystyki

Ogólne statystyki
  • Ten quiz został rozwiązany 195 razy
  • Średni wynik to 26 z 45
Statystyki odpowiedzi
Hint Odpowiedź % Poprawnych
HOPAKI Ewron
95%
YFL YoungMulti
93%
YFL Zwierzak
93%
YFL Natan Zgorzyk
92%
NEUTRALNI Kasix
89%
YFL Matiskater
89%
YFL Zege
87%
YFL Łukaszek
85%
HOPAKI Diables
82%
HOPAKI Lawek
82%
HOPAKI Thorek
81%
NEUTRALNI CTSG
80%
HOPAKI Kubox
79%
NEUTRALNI Graf
78%
NEUTRALNI Menders
78%
HUNCWOTY Mokry Suchar
77%
YFL Remsua
77%
YFL MuzykaTV
76%
NEUTRALNI Bladii
71%
HOPAKI Angela35
70%
HOPAKI MrBlaszka
68%
HUNCWOTY Ortis
59%
HOPAKI Kenon
58%
NEUTRALNI Kaopej
55%
HUNCWOTY Miszel
51%
NEUTRALNI Zahaczai
51%
NEUTRALNI DJAmadi
48%
HUNCWOTY Bagieta
47%
NEUTRALNI Mamiko
46%
NEUTRALNI Wpatka
44%
NEUTRALNI OG_Kubson
43%
HUNCWOTY Meesyka_
41%
NEUTRALNI Mammon
36%
NEUTRALNI Anterias
33%
HUNCWOTY Luki Steve
31%
HUNCWOTY Cinkrof
28%
NEUTRALNI Dominik Bos
26%
HUNCWOTY Olsza Kumpel
26%
NEUTRALNI Paris Platynov
24%
NEUTRALNI Rybson
23%
NEUTRALNI Legjon7
22%
NEUTRALNI Azdus
21%
NEUTRALNI Kapitan Alien
20%
NEUTRALNI Testree
20%
NEUTRALNI PeciuJDR
14%
Nie znaleziono quizów pasujących do podanych kryteriów
Rozkład punktacji
Procent ludzi z każdym wynikiem
Percentyl według liczby udzielonych odpowiedzi
Twoja historia wyników
Nie rozwiązałeś tego quizu